| 000 | 00341nam a2200133Ia 4500 | ||
|---|---|---|---|
| 005 | 20251222153522.0 | ||
| 008 | 251222s9999||||xx |||||||||||||| ||spa|| | ||
| 082 | _a869.56/P23 | ||
| 100 | _aPanato Rosado, Patricia Silvana | ||
| 245 | 0 | _aAl andar de hace camino | |
| 250 | _a1ra.ed. | ||
| 264 | _bInstituto de Pastoral Andino | ||
| 942 | _cLIB | ||
| 999 |
_c29763 _d29763 |
||